000
00304nam a2200097Ia 4500
008
220204s9999 xx 000 0 und d
082
_a
339.1(540)
_b
IND.1
245
0
_a
India - Handbook of commercial information. V 1
260
_a
Calcutta
_b
Dept of Commercial Intelligence and Statistics
_c
1963
942
_c
BK
999
_c
20072
_d
20072